000 00965nam a22002297a 4500
999 _c102477
_d102477
005 20230301122122.0
010 _a1617EN ENG-116722 ENG-136262
020 _a9788184846003
_c1280.00
035 _aB-651979-984
035 _aB-666214
035 _aEN-100254 EN-119794
037 _bPragati
082 _a172.0954
245 _aEthical facets of governance /
_ced by Renu Kapila
260 _aNew Delhi
_bRegal Pub
_c2016
270 _aF-159, Rajouri Garden
_bNew Delhi
_e110027
300 _axvi,268p.
_b22cm(HB)
_cill.
700 _a Renu Kapila
942 _2ddc
_cEN
_h172.0954
_mETH